| 000 | 00842nam a2200253Ia 4500 | ||
|---|---|---|---|
| 003 | OSt | ||
| 005 | 20220930092949.0 | ||
| 006 | a|||||r|||| 00| 0 | ||
| 007 | ta | ||
| 008 | 220926b |||||||| |||| 00| 0 eng d | ||
| 024 | _a28262 | ||
| 037 | _cTheses | ||
| 040 |
_aCRL _cCRL _beng |
||
| 041 |
_2eng _aeng |
||
| 100 |
_aEhteshamunddin Sheikh _9550201 |
||
| 110 |
_aUnivesrsity of Delhi. Facutly of Arts. Department of Arabic _9550202 |
||
| 245 | 0 | _aMuhammad Nazim Nadwi (b) 1914 - (d) 2000 his life and contribution to the Arabic literature and journalism | |
| 260 | _c2015 | ||
| 650 |
_aARABIC _9550203 |
||
| 700 |
_a Asari Naimul Hasan Gu. _9550204 |
||
| 700 |
_aUnivesrsity of Delhi. Facutly of Arts. Department of Arabic _9550205 |
||
| 942 |
_cDIS _2CC |
||
| 999 |
_c884592 _d884592 |
||